Countries that are standing on the equator Quiz Stats

 Plays Quiz not verified by Sporcle

Challenge
Share
Tweet
Embed
Score 0/11 Timer 04:00
0 Plays Today
Hint Answer % Correct
Brazil
100%
Ecuador
97.2%
Indonesia
94.4%
Republic of Congo
86.1%
Colombia
83.3%
Kenya
83.3%
Gabon
80.6%
Somalia
77.8%
Uganda
77.8%
Democratic Republic of Congo
75%
São Tomé and Príncipe
38.9%

You're not logged in!

Compare scores with friends on all Sporcle quizzes.
Join for Free
OR
Log In

You Might Also Like...

Show Comments

Extras

Top Quizzes Today


Score Distribution

Your Account Isn't Verified!

In order to create a playlist on Sporcle, you need to verify the email address you used during registration. Go to your Sporcle Settings to finish the process.

Report this User

Report this user for behavior that violates our Community Guidelines.

Details: